000 00316 a2200157 4500
001 162933
020 _a
040 _cMagnum
100 _aCerqueira, Rui
240 1 0 _aAnfibio e repteis
_lpor
245 1 0 _aAnfibio e repteis
362 0 _a1899
440 1 _aSalamandra
697 _aSERES VIVOS
942 _cBK
999 _c162933
_d162933